Welcome to CU Library Online Public Access Catalogue (OPAC)

SOCIAL STRUCTRE OF THE GHANA; (Record no. 7533)

MARC details
000 -LEADER
fixed length control field 00415nam a22001457a 4500
005 - DATE AND TIME OF LATEST TRANSACTION
control field 20250912105749.0
008 - FIXED-LENGTH DATA ELEMENTS--GENERAL INFORMATION
fixed length control field 250912b |||||||| |||| 00| 0 eng d
020 ## - INTERNATIONAL STANDARD BOOK NUMBER
International Standard Book Number 9964104219
050 ## - LIBRARY OF CONGRESS CALL NUMBER
Classification number HN832
Item number .A8 ASS
100 ## - MAIN ENTRY--PERSONAL NAME
Personal name ASSIMENG MAX
245 ## - TITLE STATEMENT
Title SOCIAL STRUCTRE OF THE GHANA;
Remainder of title A STUDY IN PERSISTENCE AND CHANGE
260 ## - PUBLICATION, DISTRIBUTION, ETC.
Place of publication, distribution, etc. ACCRA
Name of publisher, distributor, etc. GHANA PUBLISHING CORPORATION
Date of publication, distribution, etc. c1999
300 ## - PHYSICAL DESCRIPTION
Extent vii, 306p
942 ## - ADDED ENTRY ELEMENTS (KOHA)
Source of classification or shelving scheme Library of Congress Classification
Koha item type Books
Suppress in OPAC No
999 ## -
-- 7533
-- 7533
Holdings
Withdrawn status Lost status Source of classification or shelving scheme Damaged status Not for loan Collection Home library Current library Shelving location Date acquired Total checkouts Full call number Barcode Date last seen Copy number Price effective from Koha item type
    Library of Congress Classification     Non-fiction Undergraduate Library (Christ Temple) Undergraduate Library (Christ Temple) General stacks 09/12/2025   HN832 ASS ulct00004729 09/12/2025 1 09/12/2025 Books
    Library of Congress Classification     Non-fiction Undergraduate Library (Christ Temple) Undergraduate Library (Christ Temple) General stacks 09/12/2025   HN882.A8 ASS ulct00004730 09/12/2025 1 09/12/2025 Books
    Library of Congress Classification     Non-fiction Undergraduate Library (Christ Temple) Undergraduate Library (Christ Temple) General stacks 09/12/2025   HN882.A8 ASS ulct00004731 09/12/2025 2 09/12/2025 Books
© 2023-2024 Copyright: Central University Libraries. All Rights Reserved | Created by: Mahone Tech Office